| 000 | 00404cam a22001577a 4500 | ||
|---|---|---|---|
| 008 | 180718b2013 xxu||||| |||| 00| 0 eng d | ||
| 020 | _a9780230249325 | ||
| 082 | _aT471 R563 | ||
| 100 | _aRobinson, Joan | ||
| 245 |
_aAccumulation of capital _cby Joan Robinson |
||
| 250 | _a3rd | ||
| 260 |
_aLondon _bPalgrave _c2013 |
||
| 300 | _a444p. | ||
| 650 | _aCapital market | ||
| 650 | _aSaving and investment | ||
| 999 |
_c443870 _d443870 |
||